000 00831nam a22002417a 4500
005 20250325145549.0
008 250325b |||||||| |||| 00| 0 eng d
020 _a978-93-90981-27-4 (hbk)
037 _cTB
040 _aCRL
_cCRL
041 _2eng
_aeng
_hsan
084 _aO15,1A2:g(R2) 111R2
_qCRL
100 _aRadhakrishnan, K S
_9747551
245 _aEpistemology and aesthetics of the Mahabharata
260 _aNew Delhi, India:
_bIndus Scrolls Press,
_c2022
300 _axiv,494p.
365 _b1650.00
_cINR
546 _aTranslated from Sanskrit to English
650 _aMahabharata
650 _aSanskrit Poetry
_9155567
942 _2CC
_cTB
_hO15,1A2:g(R2) 111R2
_n0
999 _c1269256
_d1269256